Hanafi Majority Countries - Statistics

General Stats
  • This quiz has been taken 47 times
    26 since last reset
  • The average score is 13 of 15
Answer Stats
1 Continents Countries % Correct
kz Asia Kazakhstan
96%
kg Asia Kyrgyzstan
96%
tm Asia Turkmenistan
96%
uz Asia Uzbekistan
96%
bd Asia Bangladesh
91%
ba Europe Bosnia and Herzegovina
91%
tj Asia Tajikistan
91%
tr Asia/Europe Turkey
91%
af Asia Afghanistan
87%
al Europe Albania
87%
eg Africa Egypt
87%
xk Europe Kosovo
87%
pk Asia Pakistan
87%
sy Asia Syria
78%
jo Asia Jordan
65%
No matching quizzes found
Score Distribution
Percent of People with Each Score
Percentile by Number Answered
Your Score History
You have not taken this quiz since the last reset